000 00482cam a22001577a 4500
008 180718b2013 xxu||||| |||| 00| 0 eng d
020 _a9788125042921
082 _aB262x54 B226
100 _aBannerji, Himani
245 _aDemography and democracy:essays on nationalism, gender and ideology
_cby Himani Bannerji
260 _aNew Delhi
_bOrient Blackswan
_c2013
300 _a274p.
650 _aNationalism --India
650 _aNationalism and feminism
650 _aNationalism
999 _c443455
_d443455